[Event "Crema op 05th"]
[Site "Crema"]
[Date "2003.09.07"]
[Round "5"]
[White "Giannetta, Paolo"]
[Black "Di Giuseppe, Giovanni"]
[Result "1-0"]
[WhiteElo "1705"]
[BlackElo "1500"]
[PlyCount "47"]
[EventDate "2003.09.05"]
[EventType "swiss"]
[EventRounds "6"]
[EventCountry "ITA"]
[SourceTitle "EXT 2007"]
[Source "ChessBase"]
[SourceDate "2006.11.23"]
[SourceVersion "1"]
[SourceVersionDate "2006.11.23"]
[SourceQuality "1"]

1. d4 Nf6 2. c4 g6 3. Nc3 Bg7 4. e4 d6 5. f4 e6 6. Nf3 0-0 7. Be2 c5 8. d5 Nfd7 9. 0-0 e5 10. Rb1 f5 11. Ng5 Nf6 12. fxe5 Nxe4 13. Ncxe4 fxe4 14. e6 Bd4+ 15. Kh1 e3 16. Rxf8+ Qxf8 17. Qf1 Qf2 18. Qxf2 exf2 19. Bf4 h6 20. Ne4 Be5 21. Bxe5 dxe5 22. Rf1 Kf8 23. Rxf2+ Ke7 24. Rf7+ 1-0

[Event "Crema op 05th"]
[Site "Crema"]
[Date "2003.09.06"]
[Round "3"]
[White "Di Giuseppe, Giovanni"]
[Black "Marchiano, Nicola"]
[Result "1-0"]
[WhiteElo "1500"]
[BlackElo "1675"]
[PlyCount "93"]
[EventDate "2003.09.05"]
[EventType "swiss"]
[EventRounds "6"]
[EventCountry "ITA"]
[SourceTitle "EXT 2007"]
[Source "ChessBase"]
[SourceDate "2006.11.23"]
[SourceVersion "1"]
[SourceVersionDate "2006.11.23"]
[SourceQuality "1"]

1. d4 d5 2. c4 e6 3. Nf3 Nf6 4. g3 c5 5. cxd5 Nxd5 6. e4 Nf6 7. Bg5 h6 8. Bxf6 Qxf6 9. Nc3 Nc6 10. d5 exd5 11. exd5 Bg4 12. dxc6 Qxf3 13. cxb7 Qxb7 14. Bb5+ Bd7 15. Qxd7+ Qxd7 16. Bxd7+ Kxd7 17. 0-0-0+ Kc6 18. Rhe1 Bd6 19. Ne4 Rad8 20. Nxd6 Rxd6 21. Re7 Rxd1+ 22. Kxd1 Rd8+ 23. Kc2 Rd7 24. Re8 Kb5 25. Kc3 Kc6 26. b3 g6 27. h3 h5 28. a4 a5 29. Ra8 Kb6 30. Rb8+ Kc6 31. Rb5 Rd1 32. Rxa5 Rf1 33. f4 Rf3+ 34. Kc4 Rxg3 35. Rxc5+ Kd6 36. b4 Rxh3 37. a5 Ra3 38. Kb5 h4 39. Kb6 h3 40. a6 h2 41. Rc1 Rh3 42. Rh1 Rh8 43. a7 Rc8 44. b5 f6 45. Rxh2 g5 46. fxg5 fxg5 47. Rd2+ 1-0